Orientácia na súčasnosť

Bibliographic Details
Main Author: Ursínyová, Terézia, 1942- (Author)
Format: Article
Language:Slovak
PhysicalDescription:Fotogr.
ISSN:1335-4140
Subjects:

MARC

LEADER 00000nab a2200000 a 4500
001 vtls000722178
003 SK-MaSNL
005 20260304111358.0
008 250429c2000 xo 0 slo
015 |a SNBRB2000/05-13951 
035 |a CLN000074345 
035 |a urn:nbn:sk:snk-ab234v 
035 |a (urnnbn)urn:nbn:sk:snk:ar-a01h9q 
035 |a (uuid)226fa185-11d2-45bf-ad36-dc349180ef55 
040 |a SNKBUCL  |b slo  |c SNKBUCL  |e AACR2 
041 0 |a slo 
044 |a xo  |c SK 
080 |a 78.071.2:787.3:061.7  |2 1997 
080 |a 787.3  |2 1997 
100 1 |a Ursínyová, Terézia,  |d 1942-  |4 aut  |9 103725 
245 1 0 |a Orientácia na súčasnosť  |c Terézia Ursínyová 
300 |b Fotogr. 
600 1 7 |a Prochác, Eugen,  |d 1962-  |2 snkbucl  |9 106901 
648 7 |a 25.1.2000  |2 SNK  |9 915783 
648 7 |a 2000  |2 SNK  |9 295137 
650 0 7 |a koncerty  |2 SNK  |9 19182 
655 7 |a články z novín a časopisov  |2 snkbucl  |9 267496 
773 0 |t Hudobný život  |g Roč. 32, č. 3 (2000), s. 22-23  |x 1335-4140 
850 |a Slovenská národná knižnica 
852 |a Slovenská národná knižnica 
954 |a odborná, vedecká literatúra pôvodná (slovenská)  |2 lita 
958 |a article27 
958 |a OND 
958 |a SK 
958 |a EUIPO 
992 |a RBX 
999 |c 2862313  |d 2864243